[Event "Panevezys Kveinys Memorial op"]
[Site "Panevezys"]
[Date "2020.06.26"]
[Round "1"]
[White "Frick, Christoph"]
[Black "Aleknavicius, Andrius"]
[Result "0-1"]
[WhiteElo "2101"]
[BlackElo "1895"]
[PlyCount "69"]
[EventDate "2020.06.26"]
[EventType "swiss"]
[EventRounds "9"]
[EventCountry "LTU"]
[SourceTitle "CBM 197 Extra"]
[Source "ChessBase"]
[SourceDate "2020.09.30"]
[SourceVersion "1"]
[SourceVersionDate "2020.09.30"]
[SourceQuality "1"]

1. Nc3 f5 2. e4 fxe4 3. d3 Nf6 4. dxe4 e5 5. Bc4 Bc5 6. Nf3 d6 7. Bg5 c6 8. a3 a5 9. Qe2 b5 10. Ba2 Ba6 11. Nd1 Nbd7 12. Ne3 Qb6 13. Nf5 0-0-0 14. 0-0 d5 15. exd5 cxd5 16. Nxe5 Nxe5 17. Qxe5 Rhe8 18. Qf4 Re4 19. Qf3 b4 20. axb4 axb4 21. Bxd5 Re5 22. Bxf6 Qxf6 23. Be4 Bxf1 24. Kxf1 Kc7 25. Ng3 Qb6 26. Qf4 Bd6 27. Qf7+ Be7 28. f3 Qb5+ 29. Bd3 Rxd3 30. cxd3 Qxd3+ 31. Kg1 Qe3+ 32. Kh1 Qe1+ 33. Nf1 Qxa1 34. Qc4+ Rc5 35. Qe6 0-1

[Event "Jonava Banaitis Memorial"]
[Site "Jonava"]
[Date "2020.01.19"]
[Round "3.3"]
[White "Pultinevicius, Paulius"]
[Black "Aleknavicius, Andrius"]
[Result "1-0"]
[WhiteElo "2499"]
[BlackElo "1966"]
[PlyCount "77"]
[EventDate "2020.01.19"]
[EventType "swiss (rapid)"]
[EventRounds "9"]
[EventCountry "LTU"]
[SourceTitle "EXT 2023"]
[Source "ChessBase"]
[SourceDate "2022.10.05"]
[SourceVersion "1"]
[SourceVersionDate "2022.10.05"]
[SourceQuality "1"]

1. d4 f5 2. g3 Nf6 3. Bg2 g6 4. Nh3 d6 5. d5 e5 6. dxe6 c6 7. Nf4 Qe7 8. h4 Bxe6 9. h5 Nxh5 10. Nxh5 gxh5 11. Bf3 Nd7 12. Bxh5+ Bf7 13. Qd3 Qe4 14. Bxf7+ Kxf7 15. Qb3+ d5 16. Rh4 Nc5 17. Qf3 Qxf3 18. exf3 Re8+ 19. Kf1 Bd6 20. Nd2 Re6 21. Nb3 Nxb3 22. axb3 a6 23. Raa4 Rhe8 24. Kg2 Kg7 25. Rh5 f4 26. Bxf4 Bxf4 27. Rxf4 Re2 28. Rg5+ Kh8 29. Rf7 Rxc2 30. Rxb7 Rxb2 31. Rgg7 Rxb3 32. Rxh7+ Kg8 33. Rhg7+ Kh8 34. Rbf7 d4 35. f4 Rd8 36. f5 Rb5 37. Rh7+ Kg8 38. Rfg7+ Kf8 39. f6 1-0

[Event "LTU-ch Rapid op"]
[Site "Taujenai"]
[Date "2019.10.19"]
[Round "3.8"]
[White "Zaksaite, Salomeja"]
[Black "Aleknavicius, Andrius"]
[Result "1-0"]
[WhiteElo "2139"]
[BlackElo "1889"]
[PlyCount "53"]
[EventDate "2019.10.19"]
[EventType "swiss (rapid)"]
[EventRounds "11"]
[EventCountry "LTU"]
[SourceTitle "EXT 2023"]
[Source "ChessBase"]
[SourceDate "2022.10.05"]
[SourceVersion "1"]
[SourceVersionDate "2022.10.05"]
[SourceQuality "1"]

1. e4 d6 2. d4 Nf6 3. Nc3 Nbd7 4. Bc4 e5 5. Nf3 Be7 6. 0-0 c6 7. a4 Qc7 8. Ba2 h6 9. h3 Nf8 10. dxe5 dxe5 11. Nh4 g6 12. f4 N6h7 13. fxe5 Bxh4 14. Bxf7+ Ke7 15. Be3 Ne6 16. Bxg6 Nhg5 17. Qg4 Rg8 18. Bh5 Nf4 19. Qxh4 Nxg2 20. Rf7+ Kd8 21. Rd1+ Bd7 22. Kxg2 Kc8 23. Bxg5 Rxg5+ 24. Qxg5 hxg5 25. Rf8+ Qd8 26. Rxd8+ Kxd8 27. e6 1-0

[Event "Plunge op-A 39th"]
[Site "Plateliai"]
[Date "2019.07.20"]
[Round "8"]
[White "Leclere, Daniel"]
[Black "Aleknavicius, Andrius"]
[Result "0-1"]
[WhiteElo "1681"]
[BlackElo "1777"]
[PlyCount "26"]
[EventDate "2019.07.15"]
[EventType "swiss"]
[EventRounds "9"]
[EventCountry "LTU"]
[SourceTitle "EXT 2020"]
[Source "ChessBase"]
[SourceDate "2019.10.17"]
[SourceVersion "1"]
[SourceVersionDate "2019.10.17"]
[SourceQuality "1"]

1. e4 d6 2. d4 Nf6 3. Nc3 Nbd7 4. f4 e5 5. Nf3 exd4 6. Qxd4 c6 7. a4 d5 8. e5 Bc5 9. Qd1 Ng4 10. Nd4 Ngxe5 11. Nf5 Qf6 12. fxe5 Qxf5 13. Qd2 Nxe5 0-1

[Event "Plunge op-A 39th"]
[Site "Plateliai"]
[Date "2019.07.18"]
[Round "5"]
[White "Aleknavicius, Andrius"]
[Black "Narmontas, Raimondas"]
[Result "0-1"]
[WhiteElo "1777"]
[BlackElo "2002"]
[PlyCount "110"]
[EventDate "2019.07.15"]
[EventType "swiss"]
[EventRounds "9"]
[EventCountry "LTU"]
[SourceTitle "CBM 191 Extra"]
[Source "ChessBase"]
[SourceDate "2019.09.30"]
[SourceVersion "1"]
[SourceVersionDate "2019.09.30"]
[SourceQuality "1"]

1. d4 c5 2. d5 Nf6 3. Bf4 Qb6 4. Nc3 d6 5. e4 Qxb2 6. Bd2 Qb6 7. f4 Nbd7 8. Nf3 Qc7 9. Qe2 Nb6 10. a4 Bg4 11. Nb5 Qb8 12. a5 Nbd7 13. Na3 g6 14. Bc3 Bg7 15. Qe3 Bxf3 16. Qxf3 0-0 17. Rb1 Qc7 18. Bc4 Nxe4 19. Bxg7 Qxa5+ 20. Ke2 Kxg7 21. Qxe4 Qxa3 22. Rxb7 Nf6 23. Qd3 Qxd3+ 24. Kxd3 Ng8 25. Ra1 a5 26. Ra4 Rfb8 27. Rxa5 Rxa5 28. Rxb8 Ra1 29. Ke3 Nh6 30. Kf3 Nf5 31. Rb2 h5 32. Bd3 Ra3 33. Kf2 Nd4 34. h3 h4 35. Bc4 Kf6 36. Rb7 Nxc2 37. f5 g5 38. Rb8 Nd4 39. Rh8 Nxf5 40. Be2 Ra2 41. Ke1 Ke5 42. Bd1 Rxg2 43. Re8 Kf6 44. Bg4 Ne3 45. Bh5 c4 46. Rf8 c3 47. Rxf7+ Ke5 48. Rxe7+ Kd4 49. Bg6 c2 50. Bxc2 Nxc2+ 51. Kf1 Rg3 52. Rg7 Kxd5 53. Kf2 Nb4 54. Ke1 Nd3+ 55. Kd2 Nf4 0-1

[Event "Plunge op-A 39th"]
[Site "Plateliai"]
[Date "2019.07.16"]
[Round "3"]
[White "Aleknavicius, Andrius"]
[Black "Povilaitis, Tomas"]
[Result "1/2-1/2"]
[WhiteElo "1777"]
[BlackElo "1871"]
[PlyCount "91"]
[EventDate "2019.07.15"]
[EventType "swiss"]
[EventRounds "9"]
[EventCountry "LTU"]
[SourceTitle "CBM 191 Extra"]
[Source "ChessBase"]
[SourceDate "2019.09.30"]
[SourceVersion "1"]
[SourceVersionDate "2019.09.30"]
[SourceQuality "1"]

1. d4 f5 2. g3 Nf6 3. Bg2 g6 4. Nh3 Bg7 5. Nf4 e6 6. h4 d6 7. h5 e5 8. h6 Bf8 9. dxe5 dxe5 10. Qxd8+ Kxd8 11. Nd5 Nxd5 12. Bxd5 c6 13. Bg5+ Be7 14. Bxe7+ Kxe7 15. Bb3 Be6 16. Bxe6 Kxe6 17. Nc3 Rd8 18. e4 Na6 19. f4 Rd4 20. exf5+ Kxf5 21. fxe5 Re8 22. 0-0+ Kg5 23. Rae1 Kxh6 24. Rf7 Nc5 25. Re2 a5 26. Kg2 Rd7 27. Rxd7 Nxd7 28. e6 Nc5 29. e7 Kg7 30. Re5 b6 31. Ne4 Nxe4 32. Rxe4 Kf7 33. b4 Rxe7 34. Rc4 axb4 35. Rxc6 Re6 36. Rc4 b5 37. Rf4+ Kg7 38. Rxb4 Re2+ 39. Kf3 Rxc2 40. Rxb5 Rxa2 41. Kf4 Ra4+ 42. Kf3 h5 43. Rc5 Ra6 44. Rb5 Kf6 45. Rc5 Ra3+ 46. Kg2 1/2-1/2

[Event "LTU-chT"]
[Site "Lithuania"]
[Date "2019.03.30"]
[Round "4.3"]
[White "Zygmanta, Eugenijus"]
[Black "Aleknavicius, Andrius"]
[Result "0-1"]
[WhiteElo "1877"]
[BlackElo "1676"]
[PlyCount "62"]
[EventDate "2019.01.26"]
[EventType "team-swiss"]
[EventRounds "7"]
[EventCountry "LTU"]
[SourceTitle "CBM 189 Extra"]
[Source "ChessBase"]
[SourceDate "2019.06.03"]
[SourceVersion "1"]
[SourceVersionDate "2019.06.03"]
[SourceQuality "1"]
[WhiteTeam "Marijampole Suduva"]
[BlackTeam "Kaunas Margiris II"]
[WhiteTeamCountry "LTU"]
[BlackTeamCountry "LTU"]

1. e4 d6 2. d4 Nf6 3. Nc3 Nbd7 4. f4 e5 5. Nf3 exd4 6. Qxd4 c6 7. b3 d5 8. exd5 Bc5 9. Qc4 cxd5 10. Qe2+ Qe7 11. Nb5 Qxe2+ 12. Bxe2 0-0 13. Ba3 b6 14. c4 Bb7 15. Bxc5 Nxc5 16. Nd6 Ba6 17. 0-0 Rad8 18. Nb5 Bxb5 19. cxb5 Rfe8 20. Rfe1 Nfe4 21. Nd4 Nc3 22. Bg4 Nd3 23. Rf1 Re4 24. Nc6 Rde8 25. Nxa7 Nxf4 26. Bf3 Re3 27. g3 Nfe2+ 28. Kg2 d4 29. Bxe2 Rxe2+ 30. Kg1 d3 31. Rac1 Nxa2 0-1

[Event "LTU-chT"]
[Site "Lithuania"]
[Date "2019.01.26"]
[Round "1.4"]
[White "Setkauskas, Vaidas"]
[Black "Aleknavicius, Andrius"]
[Result "1-0"]
[WhiteElo "2183"]
[BlackElo "1676"]
[PlyCount "115"]
[EventDate "2019.01.26"]
[EventType "team-swiss"]
[EventRounds "7"]
[EventCountry "LTU"]
[SourceTitle "CBM 188 Extra"]
[Source "ChessBase"]
[SourceDate "2019.02.26"]
[SourceVersion "1"]
[SourceVersionDate "2019.02.26"]
[SourceQuality "1"]
[WhiteTeam "Vilnius MRU"]
[BlackTeam "Kaunas Margiris II"]
[WhiteTeamCountry "LTU"]
[BlackTeamCountry "LTU"]

1. e4 d6 2. d4 Nf6 3. Nc3 Nbd7 4. Nf3 e5 5. Bc4 Be7 6. 0-0 c6 7. a4 Qc7 8. Qe2 h6 9. Rd1 Nf8 10. h3 g5 11. dxe5 dxe5 12. Nh2 Ne6 13. Bxe6 Bxe6 14. Be3 Rg8 15. Ng4 Nxg4 16. hxg4 Rh8 17. f3 Qc8 18. Qf2 a5 19. Bc5 f6 20. Rd2 h5 21. gxh5 Rxh5 22. Ne2 Qc7 23. Rad1 Rh8 24. Ng3 Kf7 25. Bxe7 Kxe7 26. Qc5+ Kf7 27. Nf5 Bxf5 28. exf5 Rad8 29. b4 axb4 30. Qxb4 Rxd2 31. Rxd2 Re8 32. a5 Kg7 33. Rd6 e4 34. Qd4 Qf7 35. fxe4 g4 36. Kf2 Re5 37. Rd7 Re7 38. Rxe7 Qxe7 39. Kg3 Qa3+ 40. Kxg4 Qc1 41. e5 Qxc2 42. exf6+ Kf7 43. Qd7+ Kxf6 44. Qe6+ Kg7 45. f6+ Kh6 46. f7+ Kg7 47. f8Q+ Kxf8 48. Qf5+ Qxf5+ 49. Kxf5 Ke7 50. Ke5 Kd7 51. g4 Ke7 52. Kd4 Kd6 53. Kc4 Ke5 54. Kc5 Ke4 55. g5 Ke5 56. g6 Kf6 57. Kb6 Kxg6 58. Kxb7 1-0

[Event "Kaunas Amateur-ch"]
[Site "Kaunas"]
[Date "2018.08.25"]
[Round "5"]
[White "Aleknavicius, Andrius"]
[Black "Versekenaite, Gabija"]
[Result "1/2-1/2"]
[WhiteElo "1766"]
[BlackElo "1255"]
[PlyCount "94"]
[EventDate "2018.08.18"]
[EventType "swiss"]
[EventRounds "8"]
[EventCountry "LTU"]
[SourceTitle "CBM 186 Extra"]
[Source "ChessBase"]
[SourceDate "2018.08.24"]
[SourceVersion "1"]
[SourceVersionDate "2018.08.24"]
[SourceQuality "1"]

1. d4 d5 2. Bf4 Nf6 3. e3 Bf5 4. c4 e6 5. Nc3 c6 6. Qb3 Qb6 7. c5 Qxb3 8. axb3 Be7 9. b4 Nbd7 10. b5 e5 11. Bg3 Nh5 12. Bxe5 Nxe5 13. dxe5 Bxc5 14. f3 Bxe3 15. g4 Bxg4 16. fxg4 Nf4 17. Nf3 Kd7 18. Kd1 Rhe8 19. Kc2 Ng6 20. Bd3 Nxe5 21. Nxe5+ Rxe5 22. Rhf1 Ke7 23. Rae1 Bd4 24. Ne2 Bc5 25. Ng3 Rxe1 26. Rxe1+ Kf8 27. h3 Bf2 28. Rf1 Bxg3 29. Bxh7 Rc8 30. Bf5 Rc7 31. bxc6 Rxc6+ 32. Kd3 Rb6 33. Kc2 Be5 34. b3 Rc6+ 35. Kd2 f6 36. Rf3 a5 37. h4 d4 38. Be4 Rc7 39. h5 b6 40. g5 Rc3 41. gxf6 Bxf6 42. h6 Rxf3 43. hxg7+ Bxg7 44. Bxf3 Ke7 45. Kd3 Kd6 46. Ke4 d3 47. Kxd3 Kc5 1/2-1/2